000 00413nam a22001697a 4500
999 _c1323
_d1323
005 20211022164033.0
008 160521b xxu||||| |||| 00| 0 eng d
020 _a978-81-203-2966-9
041 _aeng
082 _b3820
100 _aTiwary N.K. Shandilya Shekhar rinch
_9971
245 _aOperations Research
260 _aNew Delhi
_bPHI,
_c2008
300 _a283
650 _aManagement
_9241
942 _cBK